000 00480nam a2200133Ia 4500
008 220217s9999 xx 000 0 und d
245 0 _aMethods of testing vulcanized rubber. Prt A 18. Determination of equilibrium water vapour absorption
260 _aLondon
260 _c1956
_bBritish Standards Institution
490 _aBritish Standards
500 _aStandard number: BS 903: Part A 18: 1956
650 _aRubber vulcanized, eqilibrium water vapour absorption
942 _cST
999 _c73233
_d73233